00250nam a2200109Ia 4500008004100000100001600041245002900057260001800086650001200104942000700116999001700123190216s9999||||xx |||||||||||||| ||und|| aForster E M 0aTwo Cheers For Democracy bPenguin Books aEnglish cBK c12704d12704